LEADER 02109nlm 22002894a 450 001 996595669203316 005 20240523144642.0 100 $a20111028d2012---- ub 0 101 0 $aeng 102 $aUS 135 $adrcnu 200 1 $a<> influence of campaign contributions in state legislatures$ethe effects of institutions and politics$fLynda W. Powell 210 1 $aAnn Arbor$cUniversity of Michigan Press$d2012 215 $aTesto elettronico (PDF) (271 p.) 225 2 $aLegislative politics & policy making 230 $aBase dati testuale 330 $aI contributi elettorali sono ampiamente visti come un?influenza corruttrice, ma la maggior parte delle ricerche accademiche conclude che hanno un impatto marginale sul comportamento legislativo. Lynda W. Powell mostra che i contributi hanno una notevole influenza in alcune legislature statali ma molto poca in altre. Utilizzando un sondaggio nazionale tra i legislatori, sviluppa una misura innovativa di influenza e delinea i fattori che spiegano questa grande variazione tra le 99 camere legislative statali degli Stati Uniti.Powell identifica i fattori personali, istituzionali e politici che determinano quanto tempo un legislatore dedica alla raccolta fondi personale e alla raccolta fondi per il caucus. Lei mostra che l'entità dell'influenza legislativa dei donatori varia in modi corrispondenti alle stesse variazioni nei fattori che determinano il tempo di raccolta fondi. Conferma anche un legame tra raccolta fondi e lobbying con prove a sostegno della teoria secondo cui i contributori ottengono l'accesso ai legislatori in base alle donazioni. I risultati di Powell hanno importanti implicazioni per il dibattito sul ruolo del denaro nel processo legislativo. 410 0$aLegislative politics & policy making 607 $aStati Uniti d'America$xLegislazione$2BNCF 676 $a328.73 700 1$aPOWELL,$bLynda W.$01612347 801 0$aIT$bcba$cREICAT 912 $a996595669203316 959 $aEB 969 $aER 996 $aInfluence of campaign contributions in state legislatures$94157226 997 $aUNISA